A critical introduction to international criminal law / (Record no. 590445)

000 -LEADER
fixed length control field 01401cam a2200325 i 4500
001 - CONTROL NUMBER
control field 20528299
005 - DATE AND TIME OF LATEST TRANSACTION
control field 20220721105222.0
008 - FIXED-LENGTH DATA ELEMENTS--GENERAL INFORMATION
fixed length control field 180604s2019 enk b 001 0 eng
010 ## - LIBRARY OF CONGRESS CONTROL NUMBER
LC control number 2018027120
020 ## - INTERNATIONAL STANDARD BOOK NUMBER
International Standard Book Number 9781108423205 (hardback)
020 ## - INTERNATIONAL STANDARD BOOK NUMBER
International Standard Book Number 9781108436397 (pbk.)
040 ## - CATALOGING SOURCE
Original cataloging agency DLC
Language of cataloging eng
Transcribing agency DLC
Description conventions rda
Modifying agency DLC
042 ## - AUTHENTICATION CODE
Authentication code pcc
050 00 - LIBRARY OF CONGRESS CALL NUMBER
Classification number KZ7000
Item number .S73 2019
082 00 - DEWEY DECIMAL CLASSIFICATION NUMBER
Classification number 345
Author Mark STA
100 1# - MAIN ENTRY--PERSONAL NAME
Personal name Stahn, Carsten,
Dates associated with a name 1971-
Relator term author.
9 (RLIN) 94281
245 12 - TITLE STATEMENT
Title A critical introduction to international criminal law /
Statement of responsibility, etc. Carsten Stahn, Universiteit Leiden.
264 #1 - PRODUCTION, PUBLICATION, DISTRIBUTION, MANUFACTURE, AND COPYRIGHT NOTICE
Place of production, publication, distribution, manufacture Cambridge, United Kingdom ;
-- New York, NY, USA :
Name of producer, publisher, distributor, manufacturer Cambridge University Press,
Date of production, publication, distribution, manufacture, or copyright notice 2019.
300 ## - PHYSICAL DESCRIPTION
Extent xviii, 448 pages ;
Dimensions 25 cm
336 ## - CONTENT TYPE
Content type term text
Content type code txt
Source rdacontent
337 ## - MEDIA TYPE
Media type term unmediated
Media type code n
Source rdamedia
338 ## - CARRIER TYPE
Carrier type term volume
Carrier type code nc
Source rdacarrier
504 ## - BIBLIOGRAPHY, ETC. NOTE
Bibliography, etc. note Includes bibliographical references and index.
505 0# - FORMATTED CONTENTS NOTE
Formatted contents note Introduction -- International crimes -- Individual and collective responsibility -- The global institutional architecture -- International criminal justice procedures -- Remedying wrong -- Beyond the status quo : re-thinking international criminal law.
650 #0 - SUBJECT ADDED ENTRY--TOPICAL TERM
Topical term or geographic name entry element International criminal law.
9 (RLIN) 89727
655 #7 - INDEX TERM--GENRE/FORM
Genre/form data or focus term Textbooks.
Source of term lcgft
906 ## - LOCAL DATA ELEMENT F, LDF (RLIN)
a 7
b cbc
c orignew
d 1
e ecip
f 20
g y-gencatlg
942 ## - ADDED ENTRY ELEMENTS (KOHA)
Source of classification or shelving scheme
Koha item type Book
Holdings
Withdrawn status Lost status Source of classification or shelving scheme Damaged status Not for loan Permanent Location Current Location Shelving location Date acquired Source of acquisition Total Renewals Full call number Barcode Date last seen Price effective from Koha item type
          NUST Law School (NLS) NUST Law School (NLS) Law 07/21/2022 Allied Books 1 345 STA CL-1065 05/16/2023 07/21/2022 Book
© 2023 Central Library, National University of Sciences and Technology. All Rights Reserved.